000 01506nam0a2200325 4500
001 RU\NLR\BIBL_A\011777860
005 20181126145931.0
010 _a978-5-6040670-4-8
_9150
021 _aRU
_bКН-П-18-053822
_9КН-П-18-3878
035 _a(NLR Aleph) 011777860
035 _a(RuMoRGB)009697286
090 _a11760302
_c11760302
100 _a20180827d2018 u y0rusy50 ca
101 0 _arus
102 _aRU
105 _ay|||z|||000zb
200 1 _aЛ.Г. Раменский: жизнь и творчество
_fС.И. Перлин, Л.Н. Соболев
_gИнститут экологии Волжского бассейна РАН
210 _aТольятти
_cАнна
_d2018
215 _a85 с.
_d20
320 _aБиблиогр. / сост.: В.Б. Голуб: с. 82-84
600 1 _aРаменский
_bЛ.Г.
_f1884 - 1953
_gЛеонтий Григорьевич
_92388492
_3RU\NLR\AUTH\6601645080
686 1 _aЕ081д(2)Раменский
700 1 _aПерлин
_bС. И.
_f1912-2007
_gСоломон Исаевич
701 1 _7ca
_8rus
_aСоболев
_bЛ. Н.
_cгеограф, геоботаник, почвовед, эколог
_f1902-1986
_gЛеонид Николаевич
_9197630
_3RU\NLR\AUTH\770197681
702 1 _aРаменский
_bЛ. Г.
_f1884-1953
_gЛеонтий Григорьевич
_4570
942 _cBOOK
980 _aNBR
980 _aNB